000
00239nam a2200097Ia 4500
008
230907s9999||||xx |||||||||||||| ||und||
082
_a
352.630954
_b
GOV
245
0
_a
Governance in South Asia :
300
_a
xviii, 293 pages ;
942
_c
BK
999
_c
600748
_d
600748